[Event "CFriend AC-2005-Q-00001 email"]
[Site "Chessfriend.com"]
[Date "2005.07.22"]
[Round "1"]
[White "Taistra, Eric"]
[Black "Nowak, Zdzislaw"]
[Result "0-1"]
[WhiteElo "2564"]
[BlackElo "2349"]
[PlyCount "78"]
[EventDate "2005.??.??"]
[EventType "tourn (corr)"]
[EventRounds "6"]
[SourceTitle "Corr 2024"]
[Source "ChessBase"]
[SourceDate "2023.10.19"]
[SourceVersion "1"]
[SourceVersionDate "2023.10.19"]
[SourceQuality "1"]

1. e4 e5 2. Nf3 Nc6 3. Bb5 a6 4. Ba4 Nf6 5. 0-0 Be7 6. Re1 b5 7. Bb3 0-0 8. d4 d6 9. c3 Bg4 10. d5 Na5 11. Bc2 Qc8 12. Nbd2 c6 13. b4 Nb7 14. dxc6 Qxc6 15. Bb2 Nd8 16. Nf1 Ne6 17. h3 Bh5 18. Ng3 a5 19. Nxh5 Nxh5 20. Bb3 Nef4 21. g3 a4 22. gxf4 axb3 23. fxe5 Nf4 24. Nd4 Qb7 25. exd6 Bxd6 26. axb3 Rxa1 27. Bxa1 f5 28. Ne6 Nxe6 29. Qxd6 Ng5 30. Re3 fxe4 31. c4 Nf3+ 32. Kf1 Qf7 33. Rxe4 Ng5 34. Re2 Ne4 35. Qe5 Re8 36. Qxg7+ Qxg7 37. Bxg7 Kxg7 38. cxb5 Kf6 39. Ke1 Re5 0-1

[Event "CFriend AC-2005-Q-00001 email"]
[Site "Chessfriend.com"]
[Date "2005.07.22"]
[Round "1"]
[White "Tyutyunnik, Roman"]
[Black "Nowak, Zdzislaw"]
[Result "1/2-1/2"]
[WhiteElo "2383"]
[BlackElo "2349"]
[PlyCount "104"]
[EventDate "2005.??.??"]
[EventType "tourn (corr)"]
[EventRounds "6"]
[SourceTitle "Corr 2008"]
[Source "ChessBase"]
[SourceDate "2008.06.24"]
[SourceVersion "1"]
[SourceVersionDate "2008.06.24"]
[SourceQuality "1"]

1. e4 c5 2. Nf3 d6 3. d4 cxd4 4. Nxd4 Nf6 5. Nc3 a6 6. Bg5 e6 7. f4 Qb6 8. Qd2 Qxb2 9. Rb1 Qa3 10. f5 Nc6 11. fxe6 fxe6 12. Nxc6 bxc6 13. e5 dxe5 14. Bxf6 gxf6 15. Ne4 Be7 16. Be2 h5 17. Rf1 f5 18. Rf3 Qxa2 19. Rfb3 fxe4 20. Qc3 Bh4+ 21. g3 Bd8 22. Qxc6+ Bd7 23. Qxa8 Qxc2 24. R3b2 Qc3+ 25. Kf1 h4 26. Rb8 0-0+ 27. Kg2 Bc6 28. Qxa6 hxg3 29. hxg3 Kg7 30. Qa7+ Rf7 31. Qa1 Qxa1 32. Rxa1 e3+ 33. Kh3 Bg5 34. Rc1 Bd5 35. Rcc8 Kg6 36. Rg8+ Kf5 37. Rgf8 Rxf8 38. Rxf8+ Bf6 39. Kh2 e4 40. Kg2 Kg6 41. Kf1 Be7 42. Rc8 Kf5 43. Ke1 Bd6 44. Rg8 Kf6 45. Bb5 Kf7 46. Rg5 Be7 47. Rh5 Kg6 48. Rxd5 exd5 49. Bc6 d4 50. Bxe4+ Kg5 51. Ke2 Kg4 52. Bd3 Kxg3 1/2-1/2

[Event "CFriend AR-2004-F-00003 email"]
[Site "Chessfriend.com"]
[Date "2005.07.08"]
[Round "1"]
[White "Lehnhoff, Heinz Georg"]
[Black "Nowak, Zdzislaw"]
[Result "0-1"]
[WhiteElo "2163"]
[BlackElo "2349"]
[PlyCount "130"]
[EventDate "2005.??.??"]
[EventType "tourn (corr)"]
[EventRounds "6"]
[SourceTitle "Corr 2024"]
[Source "ChessBase"]
[SourceDate "2023.10.19"]
[SourceVersion "1"]
[SourceVersionDate "2023.10.19"]
[SourceQuality "1"]

1. d4 Nf6 2. c4 e6 3. Nc3 Bb4 4. e3 0-0 5. Bd3 d5 6. Nf3 c5 7. 0-0 dxc4 8. Bxc4 Nbd7 9. Qe2 b6 10. d5 Bxc3 11. dxe6 Ne5 12. exf7+ Kh8 13. bxc3 Bg4 14. e4 Qe7 15. Re1 Rad8 16. Bg5 Bxf3 17. gxf3 Nxf7 18. Bxf7 Qxf7 19. f4 h6 20. Bh4 Rde8 21. f3 Nd5 22. f5 Nxc3 23. Qg2 Qh5 24. Bg3 Nb5 25. Rf1 Nd4 26. Rae1 g6 27. fxg6 Rxf3 28. Rxf3 Nxf3+ 29. Kh1 Kg7 30. Rf1 Ng5 31. Rf5 Qd1+ 32. Rf1 Qd3 33. e5 Rf8 34. Qb7+ Kg8 35. Rxf8+ Kxf8 36. Kg2 Qc2+ 37. Bf2 Qxg6 38. Qb8+ Qe8 39. Qd6+ Kg8 40. h4 Ne6 41. Qd5 Kg7 42. Be3 Qf7 43. Kh2 Qf5 44. Qd7+ Kg6 45. Qe8+ Kh7 46. Qd7+ Ng7 47. Qd5 h5 48. a3 a6 49. a4 Ne6 50. Qd7+ Ng7 51. Qd5 Qc2+ 52. Kg1 c4 53. Kf1 Qb1+ 54. Ke2 b5 55. axb5 axb5 56. Bc5 Qc2+ 57. Kf1 Qf5+ 58. Ke1 Qg4 59. Kd2 Qxh4 60. e6 Kg6 61. Bd4 Nf5 62. Bc5 Qg5+ 63. Kc3 Ng7 64. Qd6 Qf6+ 65. Bd4 Nf5 0-1

[Event "CFriend AR-2004-F-00003 email"]
[Site "Chessfriend.com"]
[Date "2005.07.08"]
[Round "1"]
[White "Nowak, Zdzislaw"]
[Black "Suhorukow, Anatoliy"]
[Result "0-1"]
[WhiteElo "2349"]
[BlackElo "2279"]
[PlyCount "114"]
[EventDate "2005.??.??"]
[EventType "tourn (corr)"]
[EventRounds "6"]
[SourceTitle "Corr 2024"]
[Source "ChessBase"]
[SourceDate "2023.10.19"]
[SourceVersion "1"]
[SourceVersionDate "2023.10.19"]
[SourceQuality "1"]

1. e4 d6 2. d4 Nf6 3. Nc3 g6 4. Be3 c6 5. Qd2 b5 6. Bd3 Ng4 7. Bg5 h6 8. Bh4 Bg7 9. Nf3 0-0 10. 0-0-0 Re8 11. Ne2 Qb6 12. Kb1 c5 13. h3 Nf6 14. dxc5 dxc5 15. e5 Nfd7 16. Qe3 Nf8 17. Be4 Nc6 18. Nc3 Be6 19. Nd5 Qa5 20. Qxc5 Rac8 21. Nd4 Nxd4 22. Qxd4 Rc4 23. Qe3 Bxe5 24. f3 Bg7 25. Be1 Qa6 26. Bc3 Bxd5 27. Bxd5 Rxc3 28. bxc3 e6 29. Bb3 Qa3 30. Rd3 a5 31. Qc1 Qxc1+ 32. Rxc1 a4 33. a3 axb3 34. cxb3 g5 35. c4 bxc4 36. Rxc4 Ng6 37. Rd2 Ra8 38. Ka2 Bf8 39. Ra4 Rc8 40. Rad4 Nf4 41. Rc4 Rxc4 42. bxc4 f5 43. a4 Bb4 44. Kb3 Bxd2 45. c5 Kf8 46. Kc4 Nxg2 47. c6 Ke7 48. Kb5 Kd8 49. Kb6 Kc8 50. a5 Bxa5+ 51. Kxa5 Nf4 52. Kb6 Nxh3 53. Kc5 g4 54. fxg4 fxg4 55. Kd6 g3 56. Kxe6 g2 57. Kd5 g1Q 0-1

[Event "CFriend AT-2005-0-00236 email"]
[Site "Chessfriend.com"]
[Date "2005.07.05"]
[Round "1"]
[White "Berthold, Andreas"]
[Black "Nowak, Zdzislaw"]
[Result "0-1"]
[WhiteElo "2115"]
[BlackElo "2349"]
[PlyCount "80"]
[EventDate "2005.??.??"]
[EventType "tourn (corr)"]
[EventRounds "2"]
[SourceTitle "Corr 2024"]
[Source "ChessBase"]
[SourceDate "2023.10.19"]
[SourceVersion "1"]
[SourceVersionDate "2023.10.19"]
[SourceQuality "1"]

1. e4 e5 2. Nf3 Nc6 3. Bb5 a6 4. Ba4 Nf6 5. 0-0 Be7 6. Re1 b5 7. Bb3 0-0 8. c3 d6 9. h3 Na5 10. Bc2 c5 11. d4 Qc7 12. Nbd2 cxd4 13. cxd4 Bb7 14. Nf1 Rac8 15. Re2 exd4 16. Nxd4 d5 17. e5 Ne4 18. f3 Bc5 19. fxe4 dxe4 20. Be3 Rcd8 21. Qe1 Bxd4 22. Bxd4 Rxd4 23. Bxe4 Bxe4 24. Rxe4 Rxe4 25. Qxe4 Nc4 26. Rc1 Qb8 27. Ne3 Nxe5 28. Nd5 Qd6 29. Rd1 f6 30. Ne3 Qe6 31. b3 Re8 32. Nf5 g6 33. Ne3 Kf7 34. Kh1 Re7 35. Qh4 Kg7 36. Nd5 Rd7 37. Qe4 f5 38. Qd4 Kf7 39. Qc5 Rd6 40. Qa7+ Nd7 0-1

[Event "CFriend AT-2005-0-00236 email"]
[Site "Chessfriend.com"]
[Date "2005.07.05"]
[Round "1"]
[White "Nowak, Zdzislaw"]
[Black "Berthold, Andreas"]
[Result "1-0"]
[WhiteElo "2349"]
[BlackElo "2115"]
[PlyCount "63"]
[EventDate "2005.??.??"]
[EventType "tourn (corr)"]
[EventRounds "2"]
[SourceTitle "Corr 2024"]
[Source "ChessBase"]
[SourceDate "2023.10.19"]
[SourceVersion "1"]
[SourceVersionDate "2023.10.19"]
[SourceQuality "1"]

1. e4 c5 2. Nf3 d6 3. d4 cxd4 4. Nxd4 Nf6 5. Nc3 a6 6. Be3 e5 7. Nb3 Be6 8. f3 Be7 9. Qd2 0-0 10. 0-0-0 b5 11. g4 b4 12. Na4 Nbd7 13. Qxb4 d5 14. Nac5 Qc8 15. Qa5 Bd8 16. Qe1 Nxc5 17. Bxc5 Re8 18. g5 dxe4 19. gxf6 Bxb3 20. Rxd8 Rxd8 21. Qe3 Qc6 22. axb3 Rac8 23. b4 exf3 24. Bh3 Rc7 25. fxg7 a5 26. Bf5 f2 27. Rf1 Qa6 28. b5 Qxb5 29. Qxf2 Qxc5 30. Qh4 Qe3+ 31. Kb1 Rd2 32. Qxh7# 1-0

[Event "CFriend AK-2005-A-00008 email"]
[Site "Chessfriend.com"]
[Date "2005.04.30"]
[Round "1"]
[White "Balabaev, Farit"]
[Black "Nowak, Zdzislaw"]
[Result "1/2-1/2"]
[WhiteElo "2437"]
[BlackElo "2349"]
[PlyCount "150"]
[EventDate "2005.??.??"]
[EventType "tourn (corr)"]
[EventRounds "6"]
[SourceTitle "Corr 2024"]
[Source "ChessBase"]
[SourceDate "2023.10.19"]
[SourceVersion "1"]
[SourceVersionDate "2023.10.19"]
[SourceQuality "1"]

1. d4 Nf6 2. c4 e6 3. Nc3 Bb4 4. Qc2 0-0 5. a3 Bxc3+ 6. Qxc3 b6 7. Bg5 Bb7 8. f3 h6 9. Bh4 d5 10. e3 Nbd7 11. cxd5 Nxd5 12. Bxd8 Nxc3 13. Be7 Rfe8 14. Bh4 Nd5 15. Bf2 Ne7 16. 0-0-0 Rac8 17. Bb5 c6 18. Ba4 b5 19. Bc2 b4 20. axb4 Nd5 21. Ne2 Nxb4 22. Nc3 c5 23. e4 c4 24. Bg3 Red8 25. Bd6 a5 26. Be7 Re8 27. Bh4 f6 28. Bf2 h5 29. Kd2 Red8 30. Ra1 Ne5 31. Rxa5 Nec6 32. Rb5 Nxd4 33. Bxd4 Rxd4+ 34. Kc1 Nxc2 35. Kxc2 Bc6 36. Rc5 e5 37. Rd1 Kf7 38. Kc1 Rxd1+ 39. Nxd1 Ke7 40. Ne3 Kd6 41. Rxc4 g6 42. Rc3 Ra8 43. Nc4+ Ke6 44. Nxe5 Bxe4 45. Nd3 Ra1+ 46. Kd2 Bxd3 47. Kxd3 Rh1 48. h3 Rb1 49. Rc2 Kd5 50. Rd2 Kc5 51. Ke3 Re1+ 52. Kf2 Re8 53. Re2 Rb8 54. Ke3 Kc4 55. Rc2+ Kd5 56. Rd2+ Ke5 57. Re2 Kd5 58. Kd3 f5 59. Kc2 Kd4 60. Re6 Rc8+ 61. Kb1 Rg8 62. Rc6 g5 63. b3 Ke3 64. Rc3+ Kf2 65. Rc2+ Ke3 66. b4 Rb8 67. Rb2 Kd3 68. b5 Rb6 69. g4 hxg4 70. hxg4 f4 71. Rb3+ Kc4 72. Kc2 Kd4 73. Kb2 Kc4 74. Ka3 Rxb5 75. Rxb5 Kxb5 1/2-1/2

[Event "IECG CM.2005.0.00275 email"]
[Site "IECG email"]
[Date "2005.04.24"]
[Round "?"]
[White "Nowak, Zdzislaw"]
[Black "Marcinkiewicz, Jan Stanislav"]
[Result "0-1"]
[WhiteElo "2347"]
[BlackElo "2447"]
[PlyCount "112"]
[EventDate "2005.04.24"]
[EventType "tourn (corr)"]
[EventRounds "6"]
[SourceTitle "Corr 2008"]
[Source "ChessBase"]
[SourceDate "2008.06.24"]
[SourceVersion "1"]
[SourceVersionDate "2008.06.24"]
[SourceQuality "1"]

1. e4 c5 2. Nf3 d6 3. d4 cxd4 4. Nxd4 Nf6 5. Nc3 a6 6. Be3 e5 7. Nb3 Be6 8. f3 Be7 9. Qd2 0-0 10. 0-0-0 Nbd7 11. g4 Qc7 12. Kb1 Rfc8 13. h4 b5 14. h5 h6 15. g5 b4 16. Nd5 Nxd5 17. exd5 Bf5 18. Bd3 Bxd3 19. cxd3 Bxg5 20. Bxg5 hxg5 21. Qxg5 Qd8 22. Qf5 Ra7 23. d4 Qf6 24. Qxf6 Nxf6 25. dxe5 dxe5 26. Rhe1 Re8 27. d6 Nxh5 28. Rd4 f6 29. Rxb4 Rd8 30. Na5 Rxd6 31. Rb7 Rxb7 32. Nxb7 Rd3 33. Nc5 Rxf3 34. Nxa6 g5 35. Rg1 e4 36. Nc5 e3 37. Kc2 e2 38. Re1 Nf4 39. Ne4 f5 40. Nd6 g4 41. Nxf5 g3 42. Kd2 Rd3+ 43. Kc2 g2 44. Nh4 Rg3 45. Nxg2 Rxg2 46. a3 Kf7 47. Kd2 Ke6 48. a4 Rg7 49. b4 Kd5 50. b5 Kc5 51. Rc1+ Kb4 52. Re1 Kxa4 53. b6 Rd7+ 54. Kc2 Kb5 55. b7 Rxb7 56. Kd2 Kc4 0-1

[Event "IECG CM.2005.0.00275 email"]
[Site "IECG email"]
[Date "2005.04.24"]
[Round "?"]
[White "Zeihen, Pascal"]
[Black "Nowak, Zdzislaw"]
[Result "0-1"]
[WhiteElo "2406"]
[BlackElo "2347"]
[PlyCount "52"]
[EventDate "2005.04.24"]
[EventType "tourn (corr)"]
[EventRounds "6"]
[SourceTitle "Corr 2008"]
[Source "ChessBase"]
[SourceDate "2008.06.24"]
[SourceVersion "1"]
[SourceVersionDate "2008.06.24"]
[SourceQuality "1"]

1. e4 c5 2. Nf3 d6 3. d4 cxd4 4. Nxd4 Nf6 5. Nc3 a6 6. Be3 e6 7. f3 b5 8. g4 Nfd7 9. Qd2 Nb6 10. 0-0-0 N8d7 11. Qf2 Bb7 12. Kb1 Rc8 13. Bd3 Rxc3 14. bxc3 Qc7 15. Ne2 Be7 16. h4 0-0 17. h5 Na4 18. g5 d5 19. exd5 Bxd5 20. Be4 Bc4 21. Bd3 Qa5 22. Bxh7+ Kxh7 23. Rxd7 b4 24. g6+ Kg8 25. Rb7 Nc5 26. gxf7+ Kh7 0-1

[Event "CFriend AT-2005-0-00151 email"]
[Site "Chessfriend.com"]
[Date "2005.04.22"]
[Round "1"]
[White "Salzmann, Stefan"]
[Black "Nowak, Zdzislaw"]
[Result "1/2-1/2"]
[WhiteElo "2334"]
[BlackElo "2349"]
[PlyCount "61"]
[EventDate "2005.??.??"]
[EventType "tourn (corr)"]
[EventRounds "2"]
[SourceTitle "Corr 2024"]
[Source "ChessBase"]
[SourceDate "2023.10.19"]
[SourceVersion "1"]
[SourceVersionDate "2023.10.19"]
[SourceQuality "1"]

1. e4 c5 2. Nf3 d6 3. d4 cxd4 4. Nxd4 Nf6 5. Nc3 a6 6. Bg5 e6 7. f4 Qb6 8. Qd2 Qxb2 9. Rb1 Qa3 10. f5 Nc6 11. fxe6 fxe6 12. Nxc6 bxc6 13. e5 dxe5 14. Bxf6 gxf6 15. Ne4 Qxa2 16. Rd1 Be7 17. Be2 0-0 18. 0-0 Ra7 19. Rf3 Kh8 20. Rg3 Rd7 21. Qh6 Rf7 22. Qh5 Rxd1+ 23. Bxd1 Qa5 24. Kf1 Qd8 25. Qxf7 Qxd1+ 26. Kf2 Qxc2+ 27. Kf3 Qd1+ 28. Kf2 Bc5+ 29. Nxc5 Qc2+ 30. Kf3 Qd1+ 31. Kf2 1/2-1/2